000 00438nam a2200205Ia 4500
001 12778
003 GE_BSU
008 181216s||||||||xx |||||||||||||| ||und||
020 _a9781847560414
040 _cGE_BSU
080 _a821.111-312.4
100 _aMonroe,Grace.
245 _aBlood Lines.
260 _aLondon.
260 _bMixed Sources.
260 _c2008
300 _a391p;18cm.
653 _aBlood Lines.
942 _cBK
999 _c45949
_d45949